000 01918nam0a2200349 4500
001 RU\NLR\bibl\1660184
005 20260405124747.0
010 _a5-98298-269-5
_9200
021 _aRU
_b2009-28828
_9325д/2010
035 _a(NLR Aleph) 001651473
090 _a924557
_c924557
100 _a20100802d2008 |||y0rusy50 ca
101 0 _arus
102 _aRU
105 _aa |||||||||
200 1 _aРазработка фонда оценочных средств в проектированиии образовательных программ
_eучебное пособие
_fН.С. Михайлова, М.Г. Минин, Е.А. Муратова
_gФедер. агентство по образованию, Гос. образоват. учреждение высш. проф. образования "Том. политехн. ун-т"
205 _a2-е изд.
210 _aТомск
_cИзд-во Томского государственного педагогического университета
_d2008
215 _a203 с.
_cил.
_d21
300 _aна 4-й с. обл. авт.: Михайлова Н.С. - к.п.н., доц., Минин М.Г. - д.п.н., проф., Муратова Е.А. - к.т.н., доц.
320 _aБиблиогр.: с. 136-138 (38 назв.)
606 1 _aЗнания
_jУчебные издания
_xОценка
_xВысшая школа
_92076717
_3RU\NLR\auth\661251888
686 _aЧ481.28я7
700 1 _4070
_8rus
_7ca
_aМихайлова
_bН. С.
_cканд. пед. наук
_gНаталья Степановна
_3RU\NLR\auth\7750176
_933111
701 1 _aМинин
_bМ. Г.
_gМихаил Григорьевич
_4070
701 1 _aМуратова
_bЕ. А.
_gЕлена Анатольевна
_4070
801 0 _aRU
_bNLR
_c20100802
_gRCR
801 1 _aRU
_bNLR
_c20100802
830 _aавт. по кн.
942 _cBOOK
980 _aNB